000 01404nam a2200313 i 4500
001 82615
003 ES-MaACL
005 20250731131547.0
007 t|
008 041111s1923 sp d |||| |cspa d
080 _a929(460)"15":910.4(72)(038)
080 _a94(72)"1517/21"(038)
080 _a94(72)"1521/1821"(038)
245 0 0 _aConquistadores y pobladores de Nueva España
_b: diccionario autobiográfico sacado de los textos originales /
_cpor Francisco A. de Icaza.
246 3 4 _aDiccionario autobiográfico de conquistadores y pobladores de Nueva España
260 _aMadrid :
_b[s.n.],
_c1923 (
_fImp. de "El Adelantado de Segovia")
300 _a2 v. (XCI, 257; III, 356 p.) ;
_c25 cm.
500 _aÍndice.
530 _aDisponible en formato digital.
594 _aEn ambas port.: Francisco A. de Icaza... Presidente de la Sección de Literatura del Ateneo de Madrid...
650 4 _aConquistadores-
_zAmérica-
_xBiografías.
_9155640
651 4 _aMéxico-
_xHistoria-
_y1517-1521, Descubrimiento y conquista.
_9136484
651 4 _aMéxico-
_xHistoria-
_y1521-1821, Época colonial.
_9158070
700 1 _aIcaza, Francisco A. de,
_d1863-1925
_965035
852 _aES-MaACL
_jF-4813-14
_cDEPO2
_zRevisado enlace: 31 de julio de 2025
856 4 _uhttp://bdh-rd.bne.es/viewer.vm?id=0000140440&page=1
_y(Biblioteca Digital Hispánica)
942 _2udc
999 _c82615
_d82615